Elaboración de Plan de Prevención de Riesgos Laborales para las áreas del proceso productivo y áreas administrativas en la empresa QUIMICASA, ubicada en Managua-Nicaragua

El presente estudio tiene como objetivo elaborar un plan de prevención de riesgos laborales para la empresa QUIMICASA que facilite la identificación de los peligros por puestos de trabajo en las áreas de producción y áreas administrativas y de igual manera realizar un plan de acción para minim...

Full description

Bibliographic Details
Main Authors: Cruz Membreño, Eduardo Andrés, Niño Rayo, Celina Abigail
Other Authors: Tutor: Boza Castro, Freddy Fernando
Format: Tesis Section = Libro
Language:Undetermined
Spanish
Published: Managua UNI 2021
Subjects:
LEADER 01652nam a2200265Ia 4500
008 240830s9999 xx 000 0 und d
040 |a BIBLIOTECA-RUPAP/ Mon 363.11 C957 
041 |a spa 
082 |a Mon 363.11 C957 
100 1 |a Cruz Membreño, Eduardo Andrés 
100 1 |b Niño Rayo, Celina Abigail 
245 1 0 |a Elaboración de Plan de Prevención de Riesgos Laborales para las áreas del proceso productivo y áreas administrativas en la empresa QUIMICASA, ubicada en Managua-Nicaragua 
260 |a Managua  |b UNI  |c 2021 
300 |a 83 p. :il. 
500 |a Contiene: anexos y CD. 
502 |a Tesis (Ingeniero Industrial) - UNI, 2021. 
520 3 |a El presente estudio tiene como objetivo elaborar un plan de prevención de riesgos laborales para la empresa QUIMICASA que facilite la identificación de los peligros por puestos de trabajo en las áreas de producción y áreas administrativas y de igual manera realizar un plan de acción para minimizar estos riesgos existentes y bridar a la empresa herramientas y elementos que le permitan tomar decisiones con el fin de cumplir las normas legislativas de conformidad con las leyes de trabajo y para brindar un ambiente seguro a sus trabajadores. Para dar cumplimiento a este objetivo se diseña una herramienta para efectuar el diagnóstico de cumplimiento legal en materia de higiene y seguridad del trabajo en la empresa. 
650 7 |a SEGURIDAD INDUSTRIAL 
650 7 |b  ACCIDENTES DE TRABAJO 
650 7 |c  SEGURIDAD OCUPACIONAL 
650 7 |d  SALUD OCUPACIONAL 
700 1 |a Tutor:  |b Boza Castro, Freddy Fernando 
942 |c BK  |2 ddc 
991 |a TESIS 
999 |c 19115